LEADER 00891nam a2200217 i 4500 001 000000213213 003 CaOOAMICUS 005 20230928145033.0 008 120516s1811 it u000 u ita u 026 $ai,ra o,te a;da anre (3) 1811 (R) 040 $aSeMil$bita 100 0 $aPlutarchus ,$d<46-120>.$0(OLS)http://semarc/name/1118 245 10$aTomo 4. 300 $a450, [2] p. 773 0 $aPlutarchus <46-120>$tVite degli uomini illustri di Plutarco volgarizzate da Girolamo Pompei veronese con varie note del commento di Dacier. Tomo 1. [-7.].$dLivorno : Nella stamperia di Tommaso Masi e C. : a spese di Giuseppe Gamba, 1811.$g4$w()26757 850 $aSeMil 852 $aSeMil$W1$xVenegono$y1$m1Y II 66 FA$j163643$B163643$CSeMilBibl$Z2$F174718 $8I 900 0 $aPlutarco. 996 $6245$aTomo 4$9(OLS)http://semarc/title/136909 LEADER 01177nam a2200241 i 4500 001 000000201195 003 CaOOAMICUS 005 20110422000000.0 008 110422n it u000 u ita u 013 $a179896 040 $aSeMil$bita 100 1 $aGedda, Luigi <1902-2000>.$0(OLS)http://semarc/name/25405 245 10$aCircolo Mario Fani: dottrina e struttura :$bdalla registrazione del discorso tenuto a Paestum l'8 dicembre 1970 nell'Aula Magna del «Getsemani» /$cProf. Luigi Gedda. 260 $aRoma :$bTipografia Marconi,$c[1970?] 300 $a23 p. ;$c21 cm. 490 0 $aAtti e appunti ;$v2 650 4$aGedda, Luigi - Scritti e discorsi.$0(OLS)http://semarc/subject/32568 830 0$aAtti e appunti ;$v2.$0(OLS)http://semarc/title/32190 850 $aSeMil 852 $aSeMil$W1$xVenegono$y1$m5D VIII 15/22$j151721$B151721$CSeMilBibl$Z2$F162916 $81 961 $aOmaggio: Altro 996 $6245$aCircolo Mario Fani: dottrina e struttura :$bdalla registrazione del discorso tenuto a Paestum l'8 dicembre 1970 nell'Aula Magna del «Getsemani»$9(OLS)http://semarc/title/291113 996 $6260$aRoma :$bTipografia Marconi$9(OLS)http://semarc/publisher/36068